Statistics for Top 15 Most Subscribed YouTube Channels

Click here to take the quiz!

General Stats

  • This quiz has been taken 19 times
  • The average score is 4 of 15

Answer Stats

# Of SubsAnswer% Correct
138,000,000Mr. Beast
100%
111,000,000PewDiePie
93%
239,000,000T-Series
67%
156,000,000Cocomelon
53%
79,300,0005-Minute Crafts
7%
85,100,000Blackpink
7%
83,700,000Goldmines
7%
105,000,000Like Nastya
7%
154,000,000Sony
7%
94,000,000WWE
7%
73,900,000BangtanTV
0%
110,000,000Kids Diana Show
0%
78,700,000Sony SAB
0%
95,400,000Vlad and Niki
0%
93,800,000Zee Music Company
0%

Score Distribution

Percentile by Number Answered

Percent of People with Each Score

Your Score History

You have not taken this quiz